| 000 | 00645 a2200241 4500 | ||
|---|---|---|---|
| 999 |
_c200129406 _d31755 |
||
| 001 | 200129406 | ||
| 003 | TR-AnTOB | ||
| 005 | 20230829143849.0 | ||
| 008 | 130521e2004 tu 000 0 | ||
| 020 | _a9755891994 | ||
| 040 |
_aTR-AnTOB _beng _cTR-AnTOB _erda |
||
| 041 | _aeng | ||
| 050 |
_aPE1128.A2 _bK36 2004 |
||
| 090 | _aPE1128.A2 K36 2004 | ||
| 100 |
_aKanar, Numan M. _989545 |
||
| 245 | 0 | 0 |
_aReading pleasure 1 / _cM. Numan Kanar, Ercan Demir. |
| 264 | 1 |
_aİstanbul: _bGüvender yayınları, _c2004. |
|
| 300 |
_a160 p. ; _c21 cm. |
||
| 650 | 0 |
_aReaders _967599 |
|
| 700 |
_aDemir, Ercan _989546 |
||
| 942 |
_cBK _2lcc |
||